MANUFACTURING CONSENT CHANGES IN THE LAB (Record no. 20934)

MARC details
000 -LEADER
fixed length control field 00333nam a2200133Ia 4500
008 - FIXED-LENGTH DATA ELEMENTS--GENERAL INFORMATION
fixed length control field 240624s9999 xx 000 0 und d
041 ## - LANGUAGE CODE
Language code of text/sound track or separate title eng
082 ## - DEWEY DECIMAL CLASSIFICATION NUMBER
Classification number 658.4 BUR
100 ## - MAIN ENTRY--PERSONAL NAME
Personal name BURAWOY MICHAEL
245 ## - TITLE STATEMENT
Title MANUFACTURING CONSENT CHANGES IN THE LAB
260 ## - PUBLICATION, DISTRIBUTION, ETC.
Date of publication, distribution, etc. 1979
Place of publication, distribution, etc. of Chicago Press,1979
300 ## - PHYSICAL DESCRIPTION
Extent 286 : p.
365 ## - TRADE PRICE
Currency code
Price amount 26
Holdings
Withdrawn status Lost status Damaged status Not for loan Home library Current library Shelving location Date acquired Source of acquisition Cost, normal purchase price Full call number Barcode Date last seen Copy number Price effective from Koha item type
        IMTN IMTN Rack 27-A 01/31/2013 IBH 23.00 658.4 BUR 20934 06/24/2024 57.6 06/24/2024 Books
Designed & Maintained by: LRC IMT Nagpur Contact: lrc@imtnag.ac.in© 2024. All Rights Reserved.